| 000 | 00498nam a22001937a 4500 | ||
|---|---|---|---|
| 001 | 00111 | ||
| 003 | DO-SdBNP | ||
| 005 | 20180208091250.0 | ||
| 007 | 00111 | ||
| 008 | 160318b xxu 19uu ||||| |||| 00| 0 spa d | ||
| 040 |
_aBPMSU _bspa _cBPMSU |
||
| 100 | 1 | 0 | _aHemingway, Ernest, |
| 245 | 1 | 3 |
_aEl viejo y el mar / _cErnest Hemingway |
| 260 |
_a(s. n.) : _b(s. f.), _c(s. l.) |
||
| 300 |
_a39 p. : _bil., _c21 cm. |
||
| 942 |
_2ddc _cBK |
||
| 945 | _aInventariado, 2018/MFF | ||
| 956 | _aBrenda Tavárez | ||
| 999 |
_c9325 _d9325 |
||